[Event "Istanbul op"]
[Site "Istanbul"]
[Date "2016.09.01"]
[Round "5"]
[White "Arat, Ufuk Sezen"]
[Black "Ozdemir, Timur"]
[Result "1-0"]
[WhiteElo "2402"]
[BlackElo "1989"]
[PlyCount "75"]
[EventDate "2016.08.29"]
[EventType "swiss"]
[EventRounds "9"]
[EventCountry "TUR"]
[SourceTitle "CBM 174 Extra"]
[Source "ChessBase"]
[SourceDate "2016.10.10"]
[SourceVersion "1"]
[SourceVersionDate "2016.10.10"]
[SourceQuality "1"]

1. d4 Nf6 2. Nf3 g6 3. Nbd2 Bg7 4. e4 d6 5. Bd3 0-0 6. 0-0 Nc6 7. Re1 e5 8. c3 Re8 9. h3 exd4 10. cxd4 Nd7 11. Nb3 a5 12. Bg5 Bf6 13. Bxf6 Qxf6 14. Bb5 a4 15. Nc1 a3 16. bxa3 Rxa3 17. Nb3 Na5 18. Nbd2 c6 19. Be2 b5 20. Qc1 b4 21. Qb2 Ra4 22. Bd1 b3 23. axb3 Rxa1 24. Qxa1 Nb7 25. b4 Nf8 26. Qa6 c5 27. e5 Qd8 28. Ne4 Re7 29. bxc5 dxc5 30. d5 Nd7 31. Qa1 Qa5 32. Ba4 Nb6 33. Nf6+ Kf8 34. Nxh7+ Kg8 35. Nf6+ Kf8 36. Qc1 Kg7 37. Ne8+ Kh7 38. Re4 1-0

[Event "Kesan op 11th"]
[Site "Edirne"]
[Date "2013.08.28"]
[Round "3"]
[White "Duman, Necdet"]
[Black "Ozdemir, Timur"]
[Result "0-1"]
[WhiteElo "1600"]
[BlackElo "2047"]
[PlyCount "110"]
[EventDate "2013.08.26"]
[EventType "swiss"]
[EventRounds "9"]
[EventCountry "TUR"]
[SourceTitle "CBM 156 Extra"]
[Source "ChessBase"]
[SourceDate "2013.10.22"]
[SourceVersion "1"]
[SourceVersionDate "2013.10.22"]
[SourceQuality "1"]

1. e4 c5 2. Nf3 a6 3. Nc3 d6 4. g3 g6 5. Bg2 Bg7 6. d4 cxd4 7. Nxd4 Nf6 8. 0-0 0-0 9. Be3 Ng4 10. Bc1 Qb6 11. Nb3 Nc6 12. Nd5 Qd8 13. c3 Bd7 14. Nd4 Nge5 15. h3 Rc8 16. b3 Nxd4 17. cxd4 Nc6 18. Be3 e6 19. Nf4 Nb4 20. Qd2 Nc2 21. Rac1 Nxe3 22. fxe3 Qg5 23. Kh2 e5 24. h4 Qh6 25. Rxc8 Bxc8 26. dxe5 Bxe5 27. Kg1 g5 28. hxg5 Qxg5 29. Kf2 Kh8 30. Bf3 Rg8 31. Rg1 Bg4 32. Nd3 Bxf3 33. Nxe5 dxe5 34. Kxf3 Qg4+ 35. Kf2 Qxe4 36. Qd6 Rc8 37. Rd1 Rc2+ 38. Rd2 Kg7 39. Qd8 h6 40. Qd7 Rc6 41. Rd6 Rxd6 42. Qxd6 Qc2+ 43. Kg1 Qb1+ 44. Kh2 Qxa2+ 45. Kh3 Qa1 46. Kg2 Qc3 47. Kh3 Qxe3 48. Qd7 Qe4 49. Kh2 b5 50. Qc8 a5 51. Qd7 a4 52. Qxb5 a3 53. Qa5 Qe2+ 54. Kh3 a2 55. Kh4 h5 0-1

[Event "Kesan op 11th"]
[Site "Edirne"]
[Date "2013.08.28"]
[Round "4"]
[White "Ozdemir, Timur"]
[Black "Yurtseven, Melih"]
[Result "0-1"]
[WhiteElo "2047"]
[BlackElo "2244"]
[PlyCount "88"]
[EventDate "2013.08.26"]
[EventType "swiss"]
[EventRounds "9"]
[EventCountry "TUR"]
[SourceTitle "CBM 156 Extra"]
[Source "ChessBase"]
[SourceDate "2013.10.22"]
[SourceVersion "1"]
[SourceVersionDate "2013.10.22"]
[SourceQuality "1"]

1. d4 Nf6 2. Nf3 c5 3. e3 b6 4. Bd3 Bb7 5. b3 e6 6. 0-0 Be7 7. Bb2 0-0 8. c4 d6 9. Nc3 cxd4 10. exd4 Nbd7 11. Re1 Re8 12. Ng5 Bf8 13. f4 g6 14. Qd2 Rc8 15. Rad1 Qc7 16. Kh1 Qb8 17. d5 exd5 18. f5 Ne5 19. fxg6 hxg6 20. Nxd5 Bxd5 21. cxd5 Bh6 22. Rf1 Nh7 23. h4 Nxg5 24. hxg5 Bg7 25. Qf4 Re7 26. Qh4 Qb7 27. Bb5 Rc5 28. Bc6 Qa6 29. Rf6 Qe2 30. Re1 Qxb2 31. Rxd6 Nxc6 32. Rxc6 Rxe1+ 33. Qxe1 Be5 34. b4 Rxc6 35. dxc6 b5 36. a3 Qd4 37. g3 a6 38. Kh2 Kg7 39. Kg2 Qd5+ 40. Kh2 Qd6 41. Qe3 Bd4 42. Qe4 Bb6 43. Qf3 Bc7 44. Kh3 Qe5 0-1

[Event "Kesan op 10th"]
[Site "Kesan"]
[Date "2012.07.29"]
[Round "2"]
[White "Ozdemir, Timur"]
[Black "Bagaturov, Giorgi"]
[Result "1/2-1/2"]
[WhiteElo "2100"]
[BlackElo "2449"]
[PlyCount "90"]
[EventDate "2012.07.28"]
[EventType "swiss"]
[EventRounds "9"]
[EventCountry "TUR"]
[SourceTitle "CBM 149 Extra"]
[Source "ChessBase"]
[SourceDate "2012.08.24"]
[SourceVersion "1"]
[SourceVersionDate "2012.08.24"]
[SourceQuality "1"]

1. d4 Nf6 2. c4 g6 3. Nc3 Bg7 4. e4 d6 5. f3 0-0 6. Be3 c5 7. Nge2 Nc6 8. d5 Ne5 9. Ng3 e6 10. Be2 exd5 11. cxd5 a6 12. a4 h5 13. Qd2 Re8 14. 0-0 Nh7 15. Rae1 Rb8 16. f4 Ng4 17. Bxg4 Bxg4 18. e5 b6 19. exd6 Qxd6 20. f5 Rbd8 21. Nge4 Bxc3 22. Nxc3 Bxf5 23. Bf4 Qd7 24. d6 Nf6 25. Be5 Rxe5 26. Rxe5 Qxd6 27. Qxd6 Rxd6 28. Rd1 Bd3 29. b3 Rd4 30. a5 Bf5 31. axb6 Rb4 32. Rd6 Be6 33. Rxc5 Rxb3 34. Rb5 Rxc3 35. b7 axb5 36. Rd8+ Kg7 37. b8Q Bc4 38. Rg8+ Nxg8 39. Qe5+ Kh7 40. Qxc3 Ne7 41. h3 h4 42. g3 hxg3 43. Qxg3 Nf5 44. Qc3 Be6 45. Kh2 Bc4 1/2-1/2

[Event "Izmir op 10th"]
[Site "Izmir"]
[Date "2011.09.02"]
[Round "3"]
[White "Ozdemir, Timur"]
[Black "Tissir, Mohamed"]
[Result "0-1"]
[WhiteElo "1956"]
[BlackElo "2454"]
[PlyCount "58"]
[EventDate "2011.09.01"]
[EventType "swiss"]
[EventRounds "9"]
[EventCountry "TUR"]
[SourceTitle "CBM 144 Extra"]
[Source "ChessBase"]
[SourceDate "2011.10.28"]
[SourceVersion "1"]
[SourceVersionDate "2011.10.28"]
[SourceQuality "1"]

1. d4 e6 2. c4 c5 3. d5 exd5 4. cxd5 d6 5. Nc3 Ne7 6. e4 Ng6 7. Bd3 Be7 8. Nge2 0-0 9. 0-0 a6 10. a4 Re8 11. Ng3 Nd7 12. Nf5 Nde5 13. Nxe7+ Qxe7 14. f4 Nxd3 15. Qxd3 Bd7 16. f5 Ne5 17. Qg3 f6 18. Bf4 Nf7 19. Qd3 b5 20. axb5 axb5 21. Rxa8 Rxa8 22. Nxb5 Bxb5 23. Qxb5 Qxe4 24. Qb7 Re8 25. Bg3 h6 26. Qd7 Re7 27. Qc6 Kh7 28. Bxd6 Qd4+ 29. Kh1 Qf2 0-1

[Event "TUR-chT"]
[Site "Konya"]
[Date "2011.07.09"]
[Round "13"]
[White "Ozdemir, Timur"]
[Black "Shimanov, Aleksandr"]
[Result "0-1"]
[WhiteElo "1957"]
[BlackElo "2583"]
[PlyCount "76"]
[EventDate "2011.06.28"]
[EventType "team-swiss"]
[EventRounds "13"]
[EventCountry "TUR"]
[SourceTitle "CBM 143 Extra"]
[Source "ChessBase"]
[SourceDate "2011.08.29"]
[SourceVersion "1"]
[SourceVersionDate "2011.08.29"]
[SourceQuality "1"]
[WhiteTeam "Besiktas Jimnastik"]
[BlackTeam "Manisa Doruk Koleji"]
[WhiteTeamCountry "TUR"]
[BlackTeamCountry "TUR"]

1. d4 Nf6 2. c4 g6 3. Nc3 Bg7 4. e4 0-0 5. f3 d6 6. Be3 c6 7. Qd2 a6 8. Bd3 b5 9. Nge2 Nbd7 10. 0-0 e5 11. cxb5 axb5 12. Rfc1 Bb7 13. Kh1 Qe7 14. b4 exd4 15. Nxd4 Ne5 16. a4 Nxd3 17. Qxd3 bxa4 18. Rxa4 Nd7 19. Rxa8 Rxa8 20. b5 Ne5 21. Qc2 c5 22. Nde2 Ra3 23. Nf4 Qh4 24. Nfd5 c4 25. b6 Nd3 26. Rb1 Be5 27. Bg1 f5 28. Rf1 fxe4 29. fxe4 Rb3 30. Qd2 Rb2 31. Qe3 Qg4 32. Qf3 Qxf3 33. Rxf3 Rb3 34. Ne7+ Kg7 35. Ncd5 Rb1 36. Nc7 Nf4 37. Ned5 Bxd5 38. exd5 Bd4 0-1

[Event "Istanbul op 9th"]
[Site "Istanbul"]
[Date "2010.08.22"]
[Round "2"]
[White "Ozdemir, Timur"]
[Black "Bagaturov, Giorgi"]
[Result "0-1"]
[WhiteElo "1931"]
[BlackElo "2447"]
[PlyCount "56"]
[EventDate "2010.08.21"]
[EventType "swiss"]
[EventRounds "9"]
[EventCountry "TUR"]
[SourceTitle "CBM 138 Extra"]
[Source "ChessBase"]
[SourceDate "2010.10.29"]
[SourceVersion "1"]
[SourceVersionDate "2010.10.29"]
[SourceQuality "1"]

1. d4 Nf6 2. c4 g6 3. Nc3 Bg7 4. e4 d6 5. f3 0-0 6. Be3 e5 7. d5 c6 8. Qd2 cxd5 9. exd5 a6 10. Nge2 Ne8 11. h4 h5 12. Na4 Nd7 13. g4 hxg4 14. h5 e4 15. Nd4 Ne5 16. Bh6 Nxf3+ 17. Nxf3 gxf3 18. 0-0-0 Bf5 19. Bh3 Bxh3 20. Rxh3 Qd7 21. Bxg7 Nxg7 22. Rdh1 Qf5 23. hxg6 fxg6 24. Rh8+ Kf7 25. R8h7 Rae8 26. Qh2 f2 27. Rf1 e3 28. Qxd6 Kg8 0-1